[Event "Bogota Kallpa op"]
[Site "Bogota"]
[Date "2025.06.29"]
[Round "6"]
[White "Pacheco Gutierrez, Johnny Rafael"]
[Black "Garzon Espitia, Nicolas Alejandro"]
[Result "1/2-1/2"]
[WhiteElo "1875"]
[BlackElo "1724"]
[PlyCount "78"]
[EventDate "2025.06.25"]
[EventType "swiss"]
[EventRounds "6"]
[EventCountry "COL"]
[SourceTitle "CB27_2025"]
[SourceDate "2025.07.02"]
[SourceVersion "1"]
[SourceVersionDate "2025.07.02"]
[SourceQuality "1"]

1. e4 e5 2. Nf3 Nc6 3. Bb5 a6 4. Ba4 Nf6 5. Qe2 b5 6. Bb3 Be7 7. c3 d6 8. 0-0 0-0 9. d3 Nb8 10. d4 Bb7 11. Bc2 Nbd7 12. Rd1 Qc8 13. Nbd2 Re8 14. Nf1 Bf8 15. Ng3 exd4 16. cxd4 c5 17. Bf4 cxd4 18. Nxd4 g6 19. Rac1 Qd8 20. Bb1 Nd5 21. Bd2 Qb6 22. Nb3 a5 23. Qf1 a4 24. Na5 N5f6 25. Nxb7 Qxb7 26. Bg5 h6 27. Bf4 Ne5 28. Be3 Rad8 29. Bd4 Bg7 30. h3 Nc4 31. Bd3 d5 32. exd5 Nxd5 33. Bxg7 Kxg7 34. Bxc4 bxc4 35. Qxc4 Qxb2 36. Rb1 Nb6 37. Qg4 Rxd1+ 38. Qxd1 Qf6 39. Qg4 Re5 1/2-1/2

[Event "Bogota Kallpa op"]
[Site "Bogota"]
[Date "2025.06.28"]
[Round "4"]
[White "Santagada, Hector Ricardo"]
[Black "Garzon Espitia, Nicolas Alejandro"]
[Result "1/2-1/2"]
[WhiteElo "1846"]
[BlackElo "1724"]
[PlyCount "117"]
[EventDate "2025.06.25"]
[EventType "swiss"]
[EventRounds "6"]
[EventCountry "COL"]
[SourceTitle "CB27_2025"]
[SourceDate "2025.07.02"]
[SourceVersion "1"]
[SourceVersionDate "2025.07.02"]
[SourceQuality "1"]

1. e4 e5 2. Nf3 Nc6 3. d4 exd4 4. Bc4 Nf6 5. e5 d5 6. Bb5 Ne4 7. Nxd4 Bc5 8. 0-0 Bd7 9. Bxc6 bxc6 10. f3 Ng5 11. Kh1 0-0 12. Nc3 f6 13. Bf4 Rb8 14. Nb3 Bb6 15. Re1 Bf5 16. Na4 Ne6 17. Bg3 Qc8 18. Nxb6 Rxb6 19. Bf2 Rb7 20. exf6 Rxf6 21. Re5 Qd7 22. Nd4 Nf4 23. Bh4 Rf7 24. Qe1 Rb8 25. b3 Ng6 26. Re3 c5 27. Nxf5 Qxf5 28. Bg3 h6 29. Qe2 Rb6 30. Re1 c4 31. bxc4 Rc6 32. cxd5 Rxc2 33. Qa6 Kh7 34. Re6 Qg5 35. R6e2 Rxe2 36. Rxe2 Qxd5 37. Qxa7 Nf4 38. Re1 Nd3 39. Re2 Nc1 40. Re1 Nxa2 41. h3 Nc3 42. Qe3 Nb5 43. Qe4+ Qxe4 44. Rxe4 c6 45. Rc4 Rf6 46. Be5 Re6 47. f4 g5 48. g3 Kg6 49. Kg2 gxf4 50. gxf4 Kf5 51. Kf3 h5 52. Rc5 Kg6 53. Kg3 Nd6 54. Bxd6 Rxd6 55. Kh4 Rd4 56. Rxc6+ Kf5 57. Kxh5 Kxf4 58. Rf6+ Kg3 59. Rh6 1/2-1/2

[Event "COL-ch U16"]
[Site "Medellin"]
[Date "2025.04.25"]
[Round "2"]
[White "Garzon Espitia, Nicolas Alejandro"]
[Black "Madrid Munoz, Miguel Angel"]
[Result "1-0"]
[WhiteElo "1631"]
[BlackElo "1400"]
[PlyCount "45"]
[EventDate "2025.04.24"]
[EventType "swiss"]
[EventRounds "7"]
[EventCountry "COL"]
[SourceTitle "CB18_2025"]
[SourceDate "2025.04.30"]
[SourceVersion "1"]
[SourceVersionDate "2025.04.30"]
[SourceQuality "1"]

1. c4 e5 2. Nc3 Bc5 3. Nf3 Nc6 4. g3 d6 5. Bg2 Nf6 6. h3 Be6 7. b3 d5 8. cxd5 Nxd5 9. Ne4 Bb6 10. Ba3 Nf6 11. Neg5 Bf5 12. Nh4 Bg6 13. Nxg6 hxg6 14. Qc2 Qd4 15. Bxc6+ Kd8 16. e3 Qxa1+ 17. Ke2 Qxh1 18. Bxh1 Ke8 19. Nxf7 Kxf7 20. Qc4+ Ke8 21. Qe6+ Kd8 22. Be7+ Ke8 23. Bxf6+ 1-0

[Event "COL-ch U18"]
[Site "Bucaramanga"]
[Date "2025.04.04"]
[Round "3"]
[White "Camacho Galindo, Jonathan David"]
[Black "Garzon Espitia, Nicolas Alejandro"]
[Result "0-1"]
[WhiteElo "1804"]
[BlackElo "1631"]
[PlyCount "138"]
[EventDate "2025.04.03"]
[EventType "swiss"]
[EventRounds "7"]
[EventCountry "COL"]
[SourceTitle "CB15_2025"]
[SourceDate "2025.04.09"]
[SourceVersion "1"]
[SourceVersionDate "2025.04.09"]
[SourceQuality "1"]

1. Nf3 Nf6 2. b3 d6 3. d4 g6 4. Bb2 Bg7 5. e3 Nbd7 6. Nbd2 e5 7. c4 Qe7 8. Qc2 b6 9. g3 Bb7 10. Bg2 0-0 11. 0-0 Rfe8 12. dxe5 dxe5 13. e4 Rad8 14. Rad1 Qc5 15. Ne1 Bh6 16. Nd3 Qe7 17. Rfe1 Nh5 18. Bh3 f6 19. Nb1 Bf8 20. Ba3 Qf7 21. Bxf8 Qxf8 22. Nc3 Ng7 23. Nd5 c6 24. Ne3 Kh8 25. Re2 c5 26. Nd5 f5 27. f3 Ne6 28. Rf2 Nf6 29. Qd2 Bxd5 30. cxd5 Nd4 31. Qg5 Qg7 32. Re1 h6 33. Qe3 g5 34. Bxf5 Nxf5 35. exf5 Nxd5 36. Qe4 Nc3 37. Qc4 e4 38. fxe4 Qd4 39. Qxd4+ Rxd4 40. Nc1 Rexe4 41. Rxe4 Nxe4 42. Re2 Nd6 43. Re6 Nxf5 44. Ne2 Rd1+ 45. Kf2 Rd2 46. a4 Nd4 47. Ke1 Rxe2+ 48. Rxe2 Nxe2 49. Kxe2 Kg7 50. Kd3 Kf6 51. Kc4 Ke5 52. a5 Kd6 53. axb6 axb6 54. Kb5 Kc7 55. g4 Kb7 56. h3 Kc7 57. Kc4 Kc6 58. Kd3 Kd5 59. Ke3 b5 60. Kd3 b4 61. Ke3 c4 62. bxc4+ Kxc4 63. Kd2 Kb3 64. Kd3 Ka2 65. Ke4 b3 66. Kf5 b2 67. Kg6 b1Q+ 68. Kxh6 Qc1 69. Kh5 Kb3 0-1

[Event "COL-chT sf"]
[Site "Medellin"]
[Date "2024.11.08"]
[Round "3.4"]
[White "Duque Vasquez, David"]
[Black "Garzon Espitia, Nicolas Alejandro"]
[Result "0-1"]
[WhiteElo "1861"]
[BlackElo "1588"]
[PlyCount "90"]
[EventDate "2024.11.07"]
[EventType "team-swiss"]
[EventRounds "6"]
[EventCountry "COL"]
[SourceTitle "CB49_2024"]
[SourceDate "2024.12.04"]
[SourceVersion "1"]
[SourceVersionDate "2024.12.04"]
[SourceQuality "1"]
[WhiteTeam "Antioquia Itaca"]
[BlackTeam "Cundinamarca"]
[WhiteTeamCountry "COL"]
[BlackTeamCountry "COL"]

1. e4 e5 2. Nf3 Nc6 3. Bb5 a6 4. Ba4 Nf6 5. 0-0 Be7 6. Re1 b5 7. Bb3 d6 8. c3 0-0 9. h3 Nb8 10. d3 Bb7 11. Nbd2 Nbd7 12. Nf1 Nc5 13. Bc2 Re8 14. Ng3 g6 15. Bh6 Nfd7 16. Qd2 Ne6 17. a4 Nb6 18. a5 Nd7 19. d4 Ng7 20. Bb3 exd4 21. Ng5 Bxg5 22. Bxg5 Qc8 23. cxd4 c5 24. dxc5 dxc5 25. Rad1 Ne5 26. Bd5 Bxd5 27. Qxd5 c4 28. Bf6 Nd3 29. Re3 Qe6 30. Qd4 Nb4 31. Re2 Nc6 32. Qd6 Qxd6 33. Rxd6 Nxa5 34. e5 Nb7 35. Rc6 Rec8 36. Rxc8+ Rxc8 37. Ne4 Ne6 38. Rd2 Nec5 39. Nd6 Nxd6 40. exd6 Nd7 41. Be7 b4 42. Rc2 c3 43. Kf1 b3 44. Rc1 cxb2 45. Rxc8+ Kg7 0-1

[Event "COL-ch U14"]
[Site "Barranquilla"]
[Date "2024.04.13"]
[Round "4"]
[White "Marquez, Alex Jose"]
[Black "Garzon Espitia, Nicolas Alejandro"]
[Result "1-0"]
[WhiteElo "1468"]
[BlackElo "1647"]
[PlyCount "67"]
[EventDate "2024.04.11"]
[EventType "swiss"]
[EventRounds "7"]
[EventCountry "COL"]
[SourceTitle "CBM 219 Extra"]
[Source "ChessBase"]
[SourceDate "2024.05.31"]
[SourceVersion "1"]
[SourceVersionDate "2024.05.31"]
[SourceQuality "1"]

1. e4 e5 2. Nf3 Nc6 3. Bc4 Nf6 4. d3 Bc5 5. 0-0 d6 6. h3 h6 7. c3 Bb6 8. a4 g5 9. Nh2 h5 10. Bxg5 Rg8 11. h4 Rg6 12. Qf3 Bg4 13. Nxg4 hxg4 14. Qf5 Ne7 15. Bxf6 Nxf5 16. Bxd8 Ng3 17. Re1 Rxd8 18. a5 Bxf2+ 19. Kxf2 Nh5 20. Nd2 Kd7 21. g3 c6 22. Kg2 Rg7 23. Rf1 Ke7 24. Rf5 Rh7 25. Raf1 f6 26. d4 b5 27. axb6 axb6 28. d5 b5 29. Be2 Ra8 30. Bxg4 Nf4+ 31. gxf4 Rg7 32. Kh3 Rag8 33. Rg1 cxd5 34. exd5 1-0